Chinh phục mục tiêu Goals (Record no. 3)
[ view plain ]
| 000 -Trường điều khiển | |
|---|---|
| 00840nam a2200253 a 4500 | |
| 001 - Mã điều khiển nội bộ | |
| CL000107191 | |
| 005 - Thời gian thao tác lần cuối với biểu ghi | |
| 20240524065606.0 | |
| 008 - Trường có độ dài cố định -- Thông tin chung tài liệu | |
| 160706s2016 vm vie d | |
| 020 ## - Số sách chuẩn quốc tế ISBN | |
| Số ISBN | 9786045846148 |
| 040 ## - Thông tin cơ quan biên mục | |
| Cơ quan biên mục gốc | DLC |
| Quy tắc mô tả | AACR2 |
| 041 1# - Mã ngôn ngữ | |
| Mã ngôn ngữ của chính văn | vie |
| 082 04 - Ký hiệu phân loại DDC | |
| Chỉ số DDC | 158.1 |
| Chỉ số Cutter | T761B |
| 100 1# - Tiêu đề chính -- Tên cá nhân | |
| Họ tên cá nhân | Tracy, Brian. |
| 245 10 - Nhan đề chính | |
| Nhan đề chính | Chinh phục mục tiêu Goals |
| Phần còn lại của nhan đề | : How to get everything you want faster than you ever thought possible |
| Thông tin trách nhiệm | / Brian Tracy; Nguyễn Trung An dịch. |
| 246 11 - Nhan đề khác | |
| Nhan đề khác | How to get everything you want faster than you ever thought possible |
| 260 ## - Địa chỉ xuất bản | |
| Nơi xuất bản | Tp. Hồ Chí Minh |
| Nhà xuất bản | : Tổng hợp TP. Hồ Chí Minh |
| Năm xuất bản | , 2016 |
| 300 ## - Mô tả vật lý | |
| Độ lớn/Số trang | 325 tr. |
| Kích thước, khổ cỡ | 21cm |
| 653 #0 - Thuật ngữ chủ đề không kiểm soát | |
| Từ khóa | Goal (Psychology) |
| 653 #0 - Thuật ngữ chủ đề không kiểm soát | |
| Từ khóa | Success |
| 653 #4 - Thuật ngữ chủ đề không kiểm soát | |
| Từ khóa | Goal (Tâm lý học) |
| 653 #4 - Thuật ngữ chủ đề không kiểm soát | |
| Từ khóa | Thành công |
| 700 1# - Tiêu đề bổ sung -- Tên cá nhân | |
| Họ tên cá nhân | Nguyễn, Trung An |
| Thông tin trách nhiệm | : Dịch |
| 942 ## - Định dạng tài liệu (KOHA) | |
| Nguồn phân loại | Dewey Decimal Classification |
| Kiểu tài liệu (Koha) | Books |
| Số lần ghi mượn | Ký hiệu phân loại | Đăng ký cá biệt | Cập nhật lần cuối | Số bản sao | Ngày áp dụng giá thay thế | Kiểu tài liệu | Trạng thái mất tài liệu | Nguồn phân loại | Trạng thái hư hỏng | Không cho mượn về | Trạng thái lưu thông | Thư viện sở hữu | Thư viện lưu trữ | Ngày bổ sung |
|---|---|---|---|---|---|---|---|---|---|---|---|---|---|---|
| 158.1 T761B | DL00000002 | 09/05/2024 | 1 | 09/05/2024 | Books | Dewey Decimal Classification | Sẵn sàng lưu thông | Centerville | Centerville | 09/05/2024 |
